| 000 | 00537 a2200169 4500 | ||
|---|---|---|---|
| 020 | _a8176489875 | ||
| 020 | _a9788176489874 | ||
| 082 | _a574.191 | ||
| 090 |
_c807 _d807 |
||
| 100 | 1 | _aAgarwal, S.K. | |
| 245 | 1 | 0 |
_aAdvanced biophysics / _cS.K. Agarwal. |
| 260 |
_a[S.l.] : _bAPH Publishing Corporation, _c2005. |
||
| 300 | _a1 v. (unpaged) | ||
| 700 | _aAgarwal, S.K. | ||
| 942 |
_aSNS _cBK _k574.191 AGA |
||
| 999 |
_c64508 _d64508 |
||